000 nam a22 7a 4500
999 _c127870
_d127870
008 180406b xxu||||| |||| 00| 0 eng d
020 _a9781547152353
050 _aDT3025.G84
_bC476
245 _aGreat Zimbabwe:
_bthe history and legacy of the medieval kingdom of Zimbabwe's capital
_c/ edited by Charles River Editors
260 _bCharles River Editors
300 _a71p. ;
_c28cm.
650 _aGreat Zimbabwe (Zimbabwe)
_940965
650 _aZimbabwe
_xAntiquities
_931775
700 _aCharles Rivers Editors
_eed.
_941414
942 _2lcc
_cMONOGRAPH